Statystyki dla Zwycięzcy Pucharu Polski w piłce nożnej.

Kliknij tutaj aby rozwiązać quiz!

Ogólne statystyki

  • Ten quiz został rozwiązany 1 298 razy
    (1 184 od ostatniego zresetowania)
  • Średni wynik to 52 z 65

Statystyki odpowiedzi

RokZdobywca% Poprawnych
2008Legia Warszawa
100%
1995Legia Warszawa
100%
1973Legia Warszawa
100%
1994Legia Warszawa
100%
1990Legia Warszawa
100%
1989Legia Warszawa
100%
1980Legia Warszawa
100%
1981Legia Warszawa
100%
1966Legia Warszawa
100%
2011Legia Warszawa
100%
1964Legia Warszawa
100%
2012Legia Warszawa
100%
2013Legia Warszawa
100%
2015Legia Warszawa
100%
1956Legia Warszawa
100%
1955Legia Warszawa
100%
2016Legia Warszawa
100%
2018Legia Warszawa
100%
1997Legia Warszawa
100%
1988Lech Poznań
97%
1982Lech Poznań
97%
2004Lech Poznań
97%
1984Lech Poznań
97%
2009Lech Poznań
97%
2002Wisła Kraków
95%
2003Wisła Kraków
95%
1967Wisła Kraków
95%
1926Wisła Kraków
95%
2019Lechia Gdańsk
94%
1983Lechia Gdańsk
94%
2017Arka Gdynia
90%
1979Arka Gdynia
90%
1996Ruch Chorzów
85%
1951Ruch Chorzów
85%
1974Ruch Chorzów
85%
1965Górnik Zabrze
84%
1968Górnik Zabrze
84%
1969Górnik Zabrze
84%
1970Górnik Zabrze
84%
1971Górnik Zabrze
84%
1972Górnik Zabrze
84%
1952Polonia Warszawa
82%
2001Polonia Warszawa
82%
1987Śląsk Wrocław
81%
1976Śląsk Wrocław
81%
1985Widzew Łódź
79%
1957ŁKS Łódź
77%
2010Jagiellonia Białystok
76%
2014Zawisza Bydgoszcz
68%
1986GKS Katowice
59%
1991GKS Katowice
59%
1993GKS Katowice
59%
2006Wisła Płock
49%
2000Amica Wronki
47%
1999Amica Wronki
47%
1998Amica Wronki
47%
1977Zagłębie Sosnowiec
45%
1978Zagłębie Sosnowiec
45%
1963Zagłębie Sosnowiec
45%
1962Zagłębie Sosnowiec
45%
1992Miedź Legnica
33%
2007Dyskobolia Grodzisk Wielkopolski
26%
2005Dyskobolia Grodzisk Wielkopolski
26%
1975Stal Rzeszów
26%
1954Gwardia Warszawa
14%

Rozkład punktacji

Percentyl według liczby udzielonych odpowiedzi

Procent ludzi z każdym wynikiem

Twoja historia wyników

Nie rozwiązałeś tego quizu od ostatniego zresetowania